000 00553nam a22002057a 4500
003 OSt
005 20161115135208.0
008 161115b xxu||||| |||| 00| 0 eng d
020 _a0412631105
040 _cDDC.
082 _a539.2MAR 1996.
100 _aMartin,alan;Harbison,A.Samuel;
_911295
245 _aAn introduction to Radiation Protection.
250 _a4th ed.
260 _aLondon;
_bArnold,
_c1996.
300 _ax,230p;
_bill:
_c20cm.
504 _aincludes bibliography and index.
650 _aRadiation.
_97956
942 _2ddc
_cO_SHELF
999 _c5402
_d5402